| 000 | 00555cab a2200229 4500 | ||
|---|---|---|---|
| 001 | A387 | ||
| 008 | 090401t1984 xxu||||| |||| 00| 0 eng d | ||
| 035 | _a(Sirsi) u28898 | ||
| 041 | _aeng | ||
| 100 | _aLong, H.A.R. | ||
| 245 | 4 | _aThe valuation of woodlands | |
| 260 | _c1984 | ||
| 350 | _a0 | ||
| 490 |
_aJournal of Valuation _v(1984) 2 JV 161-166(6) |
||
| 650 | _aFORESTRY VALUATIONS | ||
| 650 | _aVALUATION BASES | ||
| 650 | _aWOODLANDS | ||
| 690 | _aRATING AND VALUATION | ||
| 690 | _aRURAL PRACTICE | ||
| 942 | _n0 | ||
| 948 | _c04/03/1997 | ||
| 999 |
_c19442 _d19442 |
||